000 00676nam a2200277Ia 4500
005 20260324121001.0
008 008 260324s9999 xx 000 0 eng d
020 _a9781003151906
037 _aEBOOK
040 _aCRL
040 _beng
040 _cCRL
041 _2eng
041 _aeng
084 _qCRL
100 _aBarney L. Capehart; Michael R Brambley
_91160733
245 0 _aAutomated Diagnostics and Analytics for Buildings
260 _bTaylor and Francis
260 _c2014
365 _a
365 _b355
856 _uhttp://www.taylorfrancis.com/books/9781003151906
942 _cEBOOK
999 _c1752562
_d1752562